00397nam a2200157Ia 45000010006000000050017000060080041000230410008000640820017000721000025000892450072001142600009001863000028001956500008002236540008002311848920260306171634.0260306s9999||||xx |||||||||||||| ||und|| aESP a658.406bH19 aHammer, MichaeleAUT 0aLa agenda:blo que toda empresa debe hacer para dominar la década c2006 a287 páginas :c23 cm. aGEN aCAN